A client`s guide to building work (Record no. 34385)

MARC details
000 -LEADER
fixed length control field 00681cab a2200193 4500
001 - CONTROL NUMBER
control field ABS46019
008 - FIXED-LENGTH DATA ELEMENTS--GENERAL INFORMATION
fixed length control field 090401t1992 xxu||||| |||| 00| 0 eng d
035 ## - SYSTEM CONTROL NUMBER
System control number (Sirsi) u56386
041 ## - LANGUAGE CODE
Language code of text/sound track or separate title eng
100 ## - MAIN ENTRY--PERSONAL NAME
Personal name Cox, G.N
245 #2 - TITLE STATEMENT
Title A client`s guide to building work
260 ## - PUBLICATION, DISTRIBUTION, ETC.
Date of publication, distribution, etc. 1992
350 ## - PRICE (NR) (BK AM CF MU VM SE) [OBSOLETE]
Price 0
490 ## - SERIES STATEMENT
Series statement Architect and Surveyor
Volume/sequential designation 67(3) March 1992, 16-17(2)
520 ## - SUMMARY, ETC.
Summary, etc. Intended as a guide to clients at the initial stages of undertaking building work to help with an understanding of the process and procedures such as seeking planning approval and site inspections. Written in layman`s terms.
690 ## - LOCAL SUBJECT ADDED ENTRY--TOPICAL TERM (OCLC, RLIN)
Topical term or geographic name as entry element BUILT ENVIRONMENT
942 ## - ADDED ENTRY ELEMENTS (KOHA)
Suppress in OPAC 0
948 ## - LOCAL PROCESSING INFORMATION (OCLC); SERIES PART DESIGNATOR (RLIN)
c (OCLC) 04/03/1997
Holdings
Withdrawn status Lost status Source of classification or shelving scheme Damaged status Not for loan Home library Current library Shelving location Date acquired Total Checkouts Full call number Barcode Date last seen Copy number Price effective from Koha item type
    Dewey Decimal Classification     London London Journal article 14/09/1999   ABS46019 56386-1001 06/08/2019 1 06/08/2019 Journal article